[Event "SportAccord Basque Women 2013"]
[Site "Beijing CHN"]
[Date "2013.12.18"]
[Round "4.1"]
[White "Lagno,Kateryna"]
[Black "Koneru,H"]
[Result "0-1"]
[WhiteElo "2543"]
[BlackElo "2607"]

1.e4 c5 2.Nf3 e6 3.d4 cxd4 4.Nxd4 a6 5.Bd3 Bc5 6.Nb3 Be7 7.Qg4 g6 8.Nc3 d6
9.h4 Nc6 10.Qg3 Nf6 11.Bh6 Bd7 12.O-O-O Qc7 13.Be2 Rg8 14.Bg5 Ne5 15.f4 Nc6
16.e5 dxe5 17.fxe5 Nh5 18.Qf2 Bxg5+ 19.hxg5 Nxe5 20.Ne4 O-O-O 21.Qa7 Bc6
22.Nd6+ Rxd6 23.Qa8+ Qb8 24.Qxb8+ Kxb8 25.Rxd6 Ng3 26.Re1 Bxg2 27.Bxa6 Nf3
28.Red1 Nxg5 29.Rd7 Bc6 30.R7d3 Ne2+ 31.Kb1 Nf4 32.Rd4 e5 33.Rb4 Nd5 34.Rxb7+ Bxb7
35.Bxb7 Kxb7 36.Rxd5 h5 37.Rxe5 f6 38.Re7+ Kc6 39.Nd4+ Kd6 40.Re1 h4 41.Rh1 h3
42.Ne2 Ke5 43.Kc1 Rh8 44.a4 Ne4 45.Rh2 g5 46.a5 g4 47.a6 Ra8 48.b4 Rxa6 49.Kb2 f5
50.b5 Ra8 51.Ng1 Ng5 52.c4 g3 53.Re2+ Kd4 54.Re7 Kxc4 55.Ne2 Ne4 56.Rh7 h2
57.Nxg3 Nxg3 58.Rxh2 Kxb5 59.Kc3 Rd8 60.Rh7 Ne4+ 61.Kc2 Kc5 62.Rf7 Rd5 63.Rf8 Kd4
64.Kd1 Ke3+ 65.Ke1 f4 66.Ra8 f3 67.Ra3+ Rd3 68.Ra1 f2+ 69.Kf1 Nd2+ 70.Kg2 f1=Q+
71.Rxf1 Nxf1 72.Kxf1 Rd2 73.Ke1 Rd4 74.Kf1 Kf3 75.Ke1 Rd5 76.Kf1 Rd1+  0-1

[Event "25th Carlos Torre Open"]
[Site "Merida MEX"]
[Date "2013.12.18"]
[Round "7.1"]
[White "Gonzalez Vidal,Y"]
[Black "Bruzon Batista,L"]
[Result "0-1"]
[WhiteElo "2534"]
[BlackElo "2677"]

1.e4 c5 2.Nf3 e6 3.d4 cxd4 4.Nxd4 a6 5.Bd3 Nf6 6.Qe2 d6 7.c4 Be7 8.Nc3 O-O
9.O-O b6 10.b3 Bb7 11.Bb2 Nbd7 12.f4 Re8 13.Kh1 Qc7 14.Rae1 Rad8 15.Bb1 g6
16.Nf3 Nh5 17.Ng5 e5 18.Nd5 Bxd5 19.exd5 Nxf4 20.Qg4 Nf6 21.Qh4 Qd7 22.h3 N6h5  0-1

[Event "St Petersburg Blitz Prelim 2013"]
[Site "St Petersburg RUS"]
[Date "2013.12.22"]
[Round "3.1"]
[White "Alekseev,Evgeny"]
[Black "Kosov,Iv"]
[Result "1-0"]
[WhiteElo "2698"]
[BlackElo "2382"]

1.e4 c5 2.Nf3 e6 3.d4 cxd4 4.Nxd4 a6 5.Bd3 Bc5 6.Nb3 Be7 7.Qg4 Bf6 8.Qg3 Nc6
9.N1d2 d5 10.Nf3 dxe4 11.Bxe4 Nge7 12.O-O O-O 13.Be3 Qe8 14.Rad1 a5 15.a4 Nb4
16.Nc5 Ned5 17.Bg5 Bxg5 18.Nxg5 h6 19.Nh7 f5 20.Nxf8 fxe4 21.Ng6 Kh7 22.Ne5 Qh5
23.c3 Nc6 24.Nxc6 bxc6 25.Nxe4 Ba6 26.Rfe1 Rf8 27.f3 Nf4 28.Rd2 e5 29.h3 Nd3
30.Red1 Nf4 31.Qg4 Qxg4 32.hxg4 Rb8 33.Nc5 Bc4 34.Kf2 Nd5 35.b3 Nxc3 36.bxc4 Nxd1+
37.Rxd1 Rb2+ 38.Kg3 Rc2 39.Nb7 Rxc4 40.Nxa5 Rxa4 41.Nxc6 e4 42.Re1 exf3 43.gxf3 Rc4
44.Ne5 Rc3 45.Rd1 Rc5 46.Kf4 Rc7 47.Rd7 Rc8 48.Kf5 Re8 49.f4 Rc8 50.Ke6 Re8+
51.Re7 Rf8 52.Rf7 Re8+ 53.Kf5 Kg8 54.Rd7 Kh7 55.Ke4 Ra8 56.f5 Ra4+ 57.Kd5 Ra5+
58.Ke6 Ra6+ 59.Rd6 Ra7 60.Ng6 Ra8 61.Ke7 h5 62.g5  1-0

[Event "51st Groningen Open A 2013"]
[Site "Groningen NED"]
[Date "2013.12.24"]
[Round "4.3"]
[White "Bok,B"]
[Black "Romanov,E"]
[Result "0-1"]
[WhiteElo "2540"]
[BlackElo "2654"]

1.e4 c5 2.Nf3 e6 3.d4 cxd4 4.Nxd4 a6 5.Bd3 Qb6 6.Nb3 Qc7 7.O-O Nf6 8.Qe2 d6
9.a4 b6 10.a5 b5 11.c4 bxc4 12.Bxc4 Nc6 13.Bf4 Nd7 14.Rc1 Qb7 15.Nc3 Be7
16.Nd5 exd5 17.Bxd5 Ndb8 18.Qc4 Be6 19.Nd4 Nxd4 20.Qxd4 Bxd5 21.Qxg7 Bxe4
22.Qxh8+ Kd7 23.Qc3 Nc6 24.Qh3+ f5 25.Re1 Qb4 26.Qxh7 Re8 27.Rad1 Nd4 28.Bg5 Ne6
29.Bxe7 Rxe7 30.Qh4 Rg7 31.f3 Ng5 32.Kf2 Qc5+ 33.Re3 Qc2+ 34.Ke1 Nxf3+  0-1

[Event "51st Groningen Open A 2013"]
[Site "Groningen NED"]
[Date "2013.12.26"]
[Round "5.17"]
[White "Molinaroli,M"]
[Black "Kohlweyer,B"]
[Result "0-1"]
[WhiteElo "2269"]
[BlackElo "2431"]

1.e4 c5 2.Nf3 e6 3.d4 cxd4 4.Nxd4 a6 5.Bd3 Bc5 6.Nb3 Ba7 7.O-O Nc6 8.Qe2 d6
9.Be3 Nf6 10.Nc3 O-O 11.Kh1 e5 12.Bc4 Bxe3 13.Qxe3 Be6 14.Bxe6 fxe6 15.Rad1 Qc7
16.Rd2 b5 17.a3 Rab8 18.Qh3 Qe7 19.Rfd1 Ne8 20.Qd3 Kh8 21.Qe3 Qc7 22.Qh3 Rf6
23.Qe3 h6 24.Kg1 Ne7 25.Nc1 Nc8 26.N1e2 g5 27.Ng3 Ng7 28.Qe2 Qf7 29.Qe3 Kh7
30.b3 Qc7 31.Rd3 Rb6 32.Nce2 Rc6 33.Rc3 Rxc3 34.Nxc3 Rf7 35.Rd3 Qc6 36.Nge2 Rc7
37.h3 Kg6 38.h4 Qc5 39.Qxc5 Rxc5 40.hxg5 hxg5 41.Kf1 Nh5 42.g3 g4 43.Ke1 Nf6
44.f3 gxf3 45.Rxf3 Ne7 46.Kd1 d5 47.exd5 exd5 48.Rf1 Nf5 49.Kd2 Kg5 50.Rh1 Rc8
51.Kd3 e4+ 52.Kd2 d4 53.Nd1 Re8 54.Rf1 Ng4 55.Rf4 Nxg3 56.Rf7 e3+ 57.Ke1 Nf5
58.Ng1 Ne5 59.Nh3+ Kg4 60.Rf6 Nf3+ 61.Ke2 d3+ 62.Kxd3 Rd8+  0-1

[Event "6th Marseille Open 2013"]
[Site "Marseille FRA"]
[Date "2013.12.26"]
[Round "1.4"]
[White "Cucchi,Fabien"]
[Black "Nikolov,Mo"]
[Result "0-1"]
[WhiteElo "1743"]
[BlackElo "2529"]

1.e4 c5 2.Nf3 e6 3.d4 cxd4 4.Nxd4 a6 5.Bd3 Qb6 6.Nb3 Qc7 7.Qe2 Nc6 8.O-O Nf6
9.Bg5 Be7 10.N1d2 d6 11.f4 b6 12.Rfd1 Bb7 13.c3 O-O 14.g4 Rfe8 15.Bxf6 Bxf6
16.g5 Be7 17.Qg4 Bf8 18.Nf3 b5 19.Kh1 Rad8 20.h4 Na5 21.Nxa5 Qxa5 22.Kh2 Qb6
23.Rd2 e5 24.f5 d5 25.Rad1 Bc5 26.g6 fxg6 27.fxg6 Qxg6 28.Qxg6 hxg6 29.Re1 Rf8
30.Ng5 Rf2+ 31.Rxf2 Bxf2 32.Rd1 Bxh4 33.Nf3 dxe4  0-1

[Event "51st ch-IND Premier 2013"]
[Site "Jalgaon IND"]
[Date "2013.12.27"]
[Round "10.3"]
[White "Stany,G"]
[Black "Shyam,N"]
[Result "1-0"]
[WhiteElo "2397"]
[BlackElo "2420"]

1.e4 c5 2.Nf3 e6 3.d4 cxd4 4.Nxd4 a6 5.Bd3 Ne7 6.c4 Nbc6 7.Nb3 g6 8.N1d2 d6
9.O-O Bg7 10.f4 O-O 11.Nf3 f5 12.Qe2 e5 13.g3 fxe4 14.Bxe4 a5 15.fxe5 dxe5
16.Be3 a4 17.Nc5 b6 18.Nd3 Bf5 19.Nf2 Qc7 20.c5 bxc5 21.Bxc5 Rfc8 22.Rac1 Bxe4
23.Nxe4 Nf5 24.Nfg5 Nd8 25.g4 Nh6 26.Nd6 Qxc5+ 27.Rxc5 Rxc5 28.Qf3 Ra7 29.Ne8 Nhf7
30.Ne4 Rc6 31.g5 Rb7 32.Rf2 Rcb6 33.Nc5 Re7 34.Nxg7 Kxg7 35.Nxa4  1-0

[Event "6th Marseille Open 2013"]
[Site "Marseille FRA"]
[Date "2013.12.27"]
[Round "3.4"]
[White "Salles,L"]
[Black "Nikolov,Mo"]
[Result "0-1"]
[WhiteElo "2189"]
[BlackElo "2529"]

1.e4 c5 2.Nf3 e6 3.d4 cxd4 4.Nxd4 a6 5.Bd3 Nf6 6.O-O Qc7 7.Qe2 d6 8.f4 Nbd7
9.c4 g6 10.Nc3 Bg7 11.Kh1 O-O 12.Be3 b6 13.Rae1 Bb7 14.Bf2 e5 15.fxe5 Nxe5
16.Nd5 Bxd5 17.exd5 Rfe8 18.Qc2 Nfg4 19.Bg3 Nd7 20.Rxe8+ Rxe8 21.Nc6 Nde5
22.Re1 Rf8 23.Be2 Ne3 24.Qe4 Nf5 25.Bf2 Re8 26.b3 Kf8 27.Bf1 Ne7 28.Nd4 Ng8
29.Qf4 Nf6 30.Bh4 Nh5 31.Qf2 Ng4 32.Rxe8+ Kxe8 33.Qe2+ Ne5 34.Nc6 Bf6 35.Bf2 Kf8
36.c5 dxc5 37.Nxe5 Bxe5 38.Qxa6 Bxh2 39.Qa8+ Kg7 40.Qe8 Qf4 41.Qe1 Bg3 42.Qc3+ f6  0-1

[Event "30th Boeblinger Open 2013"]
[Site "Boeblingen GER"]
[Date "2013.12.28"]
[Round "5.9"]
[White "Barthel,A"]
[Black "Eisenbeiser,A"]
[Result "0-1"]
[WhiteElo "2225"]
[BlackElo "2341"]

1.e4 c5 2.Nf3 e6 3.d4 cxd4 4.Nxd4 a6 5.Bd3 Qc7 6.O-O Nf6 7.Nc3 Bd6 8.Nf3 Nc6
9.Qe2 O-O 10.h3 b5 11.Re1 b4 12.Nb1 e5 13.Bg5 Nh5 14.Nxe5 Bxe5 15.Qxh5 Bxb2
16.e5 g6 17.Qh6 Bxe5 18.Nd2 d5 19.Rab1 f6 20.Be3 Qg7 21.Qxg7+ Kxg7 22.Bc5 Rf7
23.Nf3 Bc3 24.Re8 a5 25.Bb5 Bb7 26.Rxa8 Bxa8 27.Bb6 Na7 28.Ba6 a4 29.Bc5 Nc6
30.Bb5 a3 31.Bxc6 Bxc6 32.Bd4 Rb7 33.Bxc3 bxc3 34.Rxb7+ Bxb7 35.Nd4 Ba6 36.Nc6 Bc4
37.Nb4 Kf7 38.f4 Ke6 39.Kf2 d4 40.g3 Kd6 41.Ke1 Kc5 42.Nd3+ Kd5 43.Nb4+ Ke4
44.Kf2 h6  0-1

[Event "6th Marseille Open 2013"]
[Site "Marseille FRA"]
[Date "2013.12.29"]
[Round "8.2"]
[White "Filev,G"]
[Black "Vovk,Y"]
[Result "0-1"]
[WhiteElo "2330"]
[BlackElo "2594"]

1.e4 c5 2.Nf3 e6 3.d4 cxd4 4.Nxd4 a6 5.Bd3 Bc5 6.Nb3 Be7 7.O-O d6 8.Nc3 Nf6
9.f4 Nbd7 10.Qe2 Qc7 11.Bd2 b5 12.a3 Bb7 13.Rae1 h5 14.Nd1 Rc8 15.Nf2 Ba8
16.Nh3 Ng4 17.Nf2 Qb6 18.Ba5 Qa7 19.Kh1 Ndf6 20.Bc3 Nxf2+ 21.Qxf2 Qxf2 22.Rxf2 d5
23.e5 Ne4 24.Bxe4 dxe4 25.Rfe2 Bxa3 26.Nd2 Be7 27.Rc1 O-O 28.Nxe4 Rc4 29.Nd6 Rxf4
30.b4 f6 31.h3 fxe5 32.Bxe5 Rf2 33.Rxf2 Rxf2 34.Rg1 Rxc2  0-1

[Event "26th Staufer-Open A 2014"]
[Site "Schwaebisch Gmuend GER"]
[Date "2014.01.02"]
[Round "2.15"]
[White "Loewe,L"]
[Black "Miezis,N"]
[Result "0-1"]
[WhiteElo "2155"]
[BlackElo "2555"]

1.e4 c5 2.Nf3 e6 3.d4 cxd4 4.Nxd4 a6 5.Bd3 Nc6 6.Be3 Nf6 7.O-O e5 8.Nxc6 dxc6
9.Bg5 h6 10.Bh4 Bc5 11.Nd2 Qe7 12.Nc4 b5 13.Na5 Bb6 14.Nb3 g5 15.Bg3 h5 16.h4 Ng4
17.hxg5 h4 18.Bh2 Qxg5 19.Qd2 Ne3 20.f4 Nxf1+ 21.Kxf1 Qg7 22.f5 Bb7 23.c4 O-O-O
24.c5 Bc7 25.Qe2 Rhg8 26.Rd1 a5 27.Qf3 f6 28.Nc1 Rd4 29.Bg1 Rd7 30.Bf2 Rh8
31.Ne2 b4 32.Nc1 Kb8 33.Re1 Qh6 34.Be3 Qh7 35.Qh3 Qg8 36.Bf2 Ka7 37.a3 Ba6
38.Bxa6 Kxa6 39.axb4 Qc4+ 40.Kg1 axb4 41.Qe3 Kb7 42.Kh2 Rg7 43.Re2 Rhg8 44.Bxh4 Rh7
45.g3 Qd4 46.Nd3 Rd8 47.Qxd4 Rxd4 48.Ne1 Bd8 49.Kg2 Rhd7 50.g4 Rc4 51.Bf2 Ka6
52.Nf3 b3 53.g5 Rc2 54.Kf1 fxg5 55.Nxe5 Rd1+ 56.Be1 Ba5 57.Re3 Rxb2 58.f6 Bxe1
59.Rxe1 Rbb1 60.Rxd1 Rxd1+ 61.Ke2 b2 62.f7 b1=Q 63.f8=Q Qc2+ 64.Ke3 Qd2+  0-1

[Event "26th Staufer-Open A 2014"]
[Site "Schwaebisch Gmuend GER"]
[Date "2014.01.06"]
[Round "9.8"]
[White "Jansen,Dirk Norbert"]
[Black "Zeller,F"]
[Result "0-1"]
[WhiteElo "2218"]
[BlackElo "2418"]

1.e4 c5 2.Nf3 e6 3.d4 cxd4 4.Nxd4 a6 5.Bd3 Bc5 6.Nb3 Be7 7.O-O d6 8.c4 Nf6
9.Nc3 b6 10.Qe2 Bb7 11.f4 Nbd7 12.Bd2 Qc7 13.Rae1 h5 14.h3 h4 15.e5 dxe5
16.f5 O-O-O 17.fxe6 fxe6 18.Bg6 Nc5 19.Bg5 e4 20.Nxc5 Bxc5+ 21.Kh1 Qg3 22.Rxf6 gxf6
23.Nxe4 Bxe4 24.Qxe4 fxg5 25.Qa8+ Qb8 26.Qc6+ Qc7 27.Qa8+ Kd7 28.Qe4 Qc6  0-1